Precalculus : (Record no. 7455)

MARC details
000 -LEADER
fixed length control field 01134nam a2200229Ia 4500
020 ## - INTERNATIONAL STANDARD BOOK NUMBER
ISBN 0534345042
020 ## - INTERNATIONAL STANDARD BOOK NUMBER
ISBN 053437610x
020 ## - INTERNATIONAL STANDARD BOOK NUMBER
ISBN 9780534376109
050 ## - CALL NUMBER
Classification number QA39.2
Item number .S75
100 1# - AUTHOR
Personal name Stewart, James,
245 10 - TITLE
Title Precalculus :
Remainder of title mathematics for calculus /
Statement of responsibility, etc James Stewart, Lothar Redlin, Saleem Watson.
250 ## - EDITION
Edition statement Third edition.
260 ## - PUBLICATION INFORMATION
Place of publication Pacific Grove :
Name of publisher Brooks/Cole Publ.,
Year of publication [1998]. ©1998
300 ## - DESCRIPTION
Number of Pages xxv, 777, 72 pages :
Other physical details illustrations (some color) ;
Dimensions 25 cm.
500 ## - NOTES
General note Revised edition of: Mathematics for calculus. 2nd edition c1993.<br/>Includes index.
505 ## - FORMATTED CONTENTS NOTE
Table of Content 1. Fundamentals --<br/>2. Functions --<br/>3. Polynomial and rational functions --<br/>4. Exponential and logarithmic functions --<br/>5. Trigonometric functions of real numbers --<br/>6. Trigonometric functions of angles --<br/>7. Analytic trigonometry --<br/>8. Systems of equations and inequalities --<br/>9. Topics in analytic geometry --<br/>10. Sequences and series --<br/>11. Counting and probability.
650 #0 - SUBJECTS
Topical Term Mathematics -- Textbooks.
650 #0 - SUBJECTS
Topical Term Precalculus -- Textbooks.
700 1# - OTHER AUTHORS
Personal name Redlin, L.
700 1# - OTHER AUTHORS
Personal name Watson, Saleem.
942 ## - ADDED ENTRY ELEMENTS (KOHA)
Koha item type Books
Holdings
Withdrawn status Lost status Home library Current library Shelving location Date acquired Full call number Accession Number Koha item type Collection code
    Methodist University Library Main Methodist University Library Main General Stacks 30/03/2009 QA39.2 .S75 23755 Books  
    Methodist University Library Main Methodist University Library Main General Stacks 30/03/2009 QA39.2 .S75 23757 Books Reference
    Methodist University Library Main Methodist University Library Main General Stacks 30/03/2009 QA39.2 .S75 23756 Books Reference
    Methodist University Library Main Methodist University Library Main General Stacks   QA39.3 .S75 36844 Books Reference
Copyright © 2026  MUG Library